| 000 | 00814nam a22002417a 4500 | ||
|---|---|---|---|
| 999 |
_c21353 _d21353 |
||
| 003 | AR-CdUCM | ||
| 008 | 190312b ||||| |||| 00| 0 spa d | ||
| 020 | _a9786124375033 | ||
| 040 |
_aMUNICIPALIDAD PROVINCIAL DEL CUSCO _cBIBLIOTECA MUNICIPAL DEL CUSCO |
||
| 082 |
_a702.985/D54 _bD54 |
||
| 110 |
_aDirección Desconcentrada de Cultura de Cusco _944310 |
||
| 245 |
_aRuna Machicado y Sardón : _bcambios y tradiciones / |
||
| 260 |
_aCusco ; _bMultiservicios, _c2017. |
||
| 300 |
_a67 Páginas. : _bilustraciones en color ; _c20 cm. |
||
| 650 |
_aArtistas Plásticos Cusqueños _916292 |
||
| 650 |
_aArtes plásticas _927656 |
||
| 650 |
_aCusco _9772 |
||
| 650 |
_aJuan de la Cruz Machicado _944529 |
||
| 650 |
_aAdolfo Sardon _944530 |
||
| 650 |
_aSiglo XXI _92856 |
||
| 942 |
_2ddc _cLIBROS |
||
| 945 | _aRoel | ||